00773nam a2200205 i 4500001000700000003000900007005001700016008004100033080002400074100003200098245011400130260006800244300002800312505003100340651006400371700003600435700002800471710004300499852002500542173401ES-MaACL20240229062732.0091201m19641967sp |||| | spa d a946"1808/1814"(082)0 aGarcía Prado, Justiniano.10aGuerra de la Independencia b: estudios / cpor J. García Prado, J. Godechot, M. Allué Salvador [et al.]. aZaragoza : bInstitución "Fernando el Católico", c1964-67. a2 v. : bil. ; c24 cm.8 aContiene: Estudios I y III 4aEspaña-xHistoria-y1808-1814, Guerra de la Independencia1 aGodechot, Jacques (d1907-1989)0 aAllue Salvador, Miguel.2 aInstitución "Fernando el Católico" aES-MaACLjP-1042-Ter